000 00316nam a2200133 i 4500
001 bg
100 1 _aMICHIN, N. M.
245 0 _aTrenie v yslovijach plasticeskogo kontakta /
_cN.M. Michin.
260 _aMoskwa,
_c1968.
040 _cBPK
041 _apol
942 _cKS
008 s pl f |000 0 pol
999 _c7822
_d7822
856 _uhttp://koha.tu.koszalin.pl/cgi-bin/koha/opac-detail.pl?biblionumber=7822
_yKatalog online BPK